| 000 | 00790nam a22002177a 4500 | ||
|---|---|---|---|
| 003 | OSt | ||
| 005 | 20220118161257.0 | ||
| 008 | 190731b xxu||||| |||| 00| 0 eng d | ||
| 020 | _a9789964980515 | ||
| 040 | _cLC | ||
| 050 | _aHB172.5.A16 | ||
| 100 | _qAbudu, A. O | ||
| 245 |
_aUseful macroeconomics for schools and colleges. / _cA. O. Abudu |
||
| 260 |
_aAccra: _bDyno-Media, _c1996. |
||
| 300 |
_a240 p. : _bill, ; |
||
| 490 | _3Useful economics | ||
| 500 | _aIncludes index. | ||
| 505 | _aContents : The current world as it is -- National income: its determination -- Elements of public finance -- International trade -- International trade policies -- Money and banking -- Miscellaneous issues related to the monetary sector -- | ||
| 653 | _aMacroeconomics | ||
| 942 |
_2lcc _cBK |
||
| 999 |
_c8432 _d15932 |
||